American Postal Markings from Colonial Times to the 1850's (Record no. 1043)

000 -LEADER
fixed length control field 00318nam a22001217a 4500
003 - CONTROL NUMBER IDENTIFIER
control field OSt
008 - FIXED-LENGTH DATA ELEMENTS--GENERAL INFORMATION
fixed length control field 150321b xxu||||| |||| 00| 0 eng d
041 ## - LANGUAGE CODE
Language code of text/sound track or separate title eng
100 1# - MAIN ENTRY--PERSONAL NAME
Personal name Lounsbery, Royden H.
245 10 - TITLE STATEMENT
Title American Postal Markings from Colonial Times to the 1850's
246 10 - VARYING FORM OF TITLE
Title proper/short title The Unexhibited Exhibit
300 ## - PHYSICAL DESCRIPTION
Extent 0 pages
Holdings
Withdrawn status Lost status Damaged status Not for loan Collection code Permanent Location Current Location Date acquired Total Checkouts Date last seen Price effective from Koha item type
        Richard Drews Northern Philatelic Library Northern Philatelic Library 03/21/2015   06/28/2015 06/28/2015 Books

Powered by Koha